Biblioteca y vida. Elogio del encuentro.

Spremljeno u:
Bibliografski detalji
Glavni autor: Patte, Genevieve (autora)
Format: Nepoznato
Jezik:engleski
Izdano: Valparaíso, Chile: Universidad de Valparaíso, 2015
Izdanje:Primera edición.
Serija:Colección Manifiestos
Teme:
Oznake: Dodaj oznaku
Bez oznaka, Budi prvi tko označuje ovaj zapis!

MARC

LEADER 00000 a2200000 4500
003 CL-VaPUC
005 20230322111057.0
008 220223b2015 ||||| |||| 00| 0 eng d
999 |c 433983  |d 433981 
020 |a 978-9562141475 
040 |c Pontificia Universidad Católica de Valparaíso 
082 |a 027.625 PAT 2015  |2 22 
100 |a Patte, Genevieve  |e autora  |9 601901 
245 |a Biblioteca y vida.  |b Elogio del encuentro. 
250 |a Primera edición.  
260 |a Valparaíso, Chile:  |b Universidad de Valparaíso,   |c 2015 
300 |a 83 páginas  
490 |a Colección Manifiestos 
583 |k Cristina María Rojas Aguilar  |c 20220223 
650 0 |a Biblioteca  |z Francia   |9 373043  |x Niños 
650 0 |a Niños  |z Francia  |x Libros y lectura  |9 866388 
942 |2 ddc  |c BK 
952 |0 0  |1 0  |2 ddc  |4 0  |6 027_625000000000000_PAT_2015  |7 0  |8 A  |9 580463  |a BIBEDU  |b BIBEDU  |c GEN  |d 2022-01-12  |e 3  |g 2250.00  |i 5637309  |o 027.625 PAT 2015  |p 5637309  |r 2022-01-12  |t 1  |v 2250.00  |w 2022-01-12  |y BK  |k LIT